000 00986nam a2200253 a 4500
001 BRCA_8862
005 20190320210435.0
008 020617s2015----cn-a######---#000-0#spa-#
020 _a9781894243858
041 _aspa
044 _acn
050 4 _aND1367.N67
_b.P35 2015
245 1 0 _aPaisaje en las Américas
_bpinturas desde la Tierra del Fuego al Ártico
_ceditado por Peter John Brownlee, Valéria Piccoli y Georgiana Uhlyarik.
260 _aCanadá
_bArt Gallery of Ontario, Pinacoteca do Estado de Sao Paulo, Terra Foundation for American Art
_c2015
300 _a280 p.
_bil. a color
_c28 cm.
500 _aIncluye índice analítico
504 _aBibliografía : p. 261-267
650 1 4 _aPintura de paisajes
_xHistoria
_zNorteamérica
_921200
650 1 4 _aPintura de paisajes
_xHistoria
_zSudamérica
_921201
700 1 _aBrownlee, Peter John
_eed.
_922068
700 1 _aPiccoli, Valéria
_eed.
_922069
700 1 _aUhlyarik, Georgiana
_d1972-
_eed.
_922070
942 _2lcc
_cB
999 _c8513
_d8513